00658nam a22001457a 4500008004100000020001500041050001400056100004300070245003500113260005200148300002900200500005000229505021800279650001500497110905t xxu||||| |||| 00| 0 eng d a0534007120 aBF121.L52 aLefrancois, Guy R.,qGuy R. Lefrancois aPsychologycLefrancois, Guy R. aCalifornia:bWardsworth Publishing Com.,c1980. axxiv, 646 p.bill.c29cm aIncludes bibliographical references and index aContents: Introduction: The Subject -- Physiology, conciousness, and perception -- Learning, memory, and thinking -- motives and feelings -- The life span -- Personality and abnormality -- Relationships and others aPsychology